Statistics for Star Wars Species

Click here to take the quiz!

General Stats

  • This quiz has been taken 8 times
  • The average score is 24 of 66

Answer Stats

Hint Answer % Correct
Supreme Chancellor PalpatineHuman
100%
ChewbaccaWookiee
83%
Jabba Desilijic TiureHutt
83%
Jar Jar BinksGungan
83%
Padawan Ahsoka TanoTogruta
67%
Tatooine junk tradersJawa
67%
Admiral AckbarMon Calamari
67%
Rival of previous speciesQuarren
67%
Tatooine nomadsTusken
67%
Archduke Poggle the LesserGeonosian
67%
SebulbaDug
50%
Viceroy Nute GunrayNeimoidian
50%
Jabba's GuardsGamorrean
50%
Hondo OhnakaWeequay
50%
"Many ______s died to bring us this information."Bothan
50%
WattoToydarian
50%
General GrievousKaleesh
50%
Prime Minister Lama SuKaminoan
50%
GreedoRodian
50%
Darth MaulZabrak
50%
Nien NunbSullustan
50%
Three eyed cowGran
50%
Sly MooreUmbaran
33%
Presidente Shu MaiGossam
33%
BosskTrandoshan
33%
Pig-like denizens of Cloud CityUgnaught
33%
Master Ima-Gun DiNikto
33%
Zam WesellClawdite
33%
Emir Wat TamborSkakoan
33%
Knight Aayla SecuraTwi'lek
33%
Cad BaneDuros
33%
Master Luminara UnduliMirialan
33%
Master Ki-Adi-MundiCerean
33%
"Hammerhead"Ithorian
33%
Master Plo KoonKel Dor
33%
Grand Admiral ThrawnChiss
33%
Master Pong KrellBesalisk
33%
Modal Nodes bandBith
33%
Garazeb OrreliosLasat
33%
Wicket W. WarrickEwok
33%
"Snaggletooth"Snivvian
17%
Master Yarael PoofQuermian
17%
Master Coleman KcajOngree
17%
EmboKyuzo
17%
BoushhUbese
17%
Chief Thi-SenTalz
17%
Utapau lower-class speciesUtai
17%
Latts RazziTheelin
17%
Master Coleman TreborVurk
17%
Master Oppo RancisisThisspiasian
17%
Vice Chairman Mas AmeddaChagrian
17%
Master Kit FistoNautolan
17%
Master Saesee TiinIktotchi
17%
Grand InquisitorPau'an
17%
Queen Miraj ScintelZygerrian
17%
Chairman San HillMuun
17%
Minister LomPyke
17%
Prince XizorFalleen
17%
Rio DurantArdennian
17%
Master Even PiellLannik
17%
Quinlan VosKiffar
17%
Admiral TrenchHarch
17%
RukhNoghri
17%
"Walrus Man"Aqualish
17%
Cikatro VizagoDevaronian
17%
Master Depa BillabaChalactan
17%

Score Distribution

Percentile by Number Answered

Percent of People with Each Score

Your Score History

You have not taken this quiz